| 000 -LEADER |
| fixed length control field |
00713cam a2200217 a 4500 |
| 020 ## - INTERNATIONAL STANDARD BOOK NUMBER |
| ISBN |
9780821373088 (print) |
| 020 ## - INTERNATIONAL STANDARD BOOK NUMBER |
| ISBN |
0821373080 (print) |
| 020 ## - INTERNATIONAL STANDARD BOOK NUMBER |
| ISBN |
9780821373095 (electronic) |
| 020 ## - INTERNATIONAL STANDARD BOOK NUMBER |
| ISBN |
0821373099 (electronic) |
| 040 ## - CATALOGING SOURCE |
| Transcribing agency |
DLC |
| 082 00 - DEWEY DECIMAL CLASSIFICATION NUMBER |
| Classification number |
337 THE 2009 A010 Or. |
| 245 00 - TITLE STATEMENT |
| Title |
China's and India's challenge to Latin America : |
| Remainder of title |
opportunity or threat? / |
| 260 ## - PUBLICATION, DISTRIBUTION, ETC. (IMPRINT) |
| Place of publication |
Washington, D.C. : |
| Name of publisher |
The World Bank, |
| Year of publication |
c2009. |
| 300 ## - PHYSICAL DESCRIPTION |
| Number of Pages |
xxviii, 331 p. : |
| Other physical details |
ill. ; |
| Dimensions |
23 cm. |
| 490 1# - SERIES STATEMENT |
| Series statement |
Latin American development forum series |
| 700 1# - ADDED ENTRY--PERSONAL NAME |
| Personal name |
Lederman, Daniel, |
| 700 1# - ADDED ENTRY--PERSONAL NAME |
| Personal name |
Olarreaga, M. |
| 700 1# - ADDED ENTRY--PERSONAL NAME |
| Personal name |
Perry, Guillermo. |
| 856 41 - ELECTRONIC LOCATION AND ACCESS |
| Uniform Resource Identifier |
http://www.loc.gov/catdir/toc/ecip0819/2008024106.html |
| 942 ## - ADDED ENTRY ELEMENTS (KOHA) |
| Koha item type |
សៀវភៅភាសាអង់គ្លេស |
| 952 ## - LOCATION AND ITEM INFORMATION (KOHA) |
| Withdrawn status [LOCAL, KOHA] |
0 |